Boloňský proces - konference ministrů v Lovani ve dnech 28.- 29. dubna 2009
V poradí 6. konferencia ministrov zodpovedných za vysoké školstvo konaná dňa 28.-29.apríla 2009 v Lovani. Predsedníctvo Českej republiky v Riadiacej skupine Bolonského procesu. Európsky priestor vysokoškolského vzdelávania (EHEA). Komuniké prijaté na konferencii ministrami zúčastnených krajín. Koord...
Uložené v:
| Hlavný autor: | |
|---|---|
| Médium: | Kapitola |
| Jazyk: | Czech |
| Predmet: | |
| Tagy: |
Žiadne tagy, Buďte prvý, kto otaguje tento záznam!
|
MARC
| LEADER | 00000naa$a2200000$$$4500 | ||
|---|---|---|---|
| 001 | 0100919 | ||
| 005 | 20230919105104.1 | ||
| 041 | 0 | |a cze | |
| 044 | |a CZ | ||
| 245 | 1 | 0 | |a Boloňský proces - konference ministrů v Lovani ve dnech 28.- 29. dubna 2009 |c Viera Šťastná |
| 520 | |a V poradí 6. konferencia ministrov zodpovedných za vysoké školstvo konaná dňa 28.-29.apríla 2009 v Lovani. Predsedníctvo Českej republiky v Riadiacej skupine Bolonského procesu. Európsky priestor vysokoškolského vzdelávania (EHEA). Komuniké prijaté na konferencii ministrami zúčastnených krajín. Koordinácia medzi Bolonským a Lisabonským procesom. | ||
| 610 | 2 | 0 | |a konferencie |
| 610 | 2 | 0 | |a školy vysoké |
| 610 | 2 | 0 | |a Európa |
| 610 | 2 | 0 | |a Česko |
| 610 | 2 | 0 | |a spolupráca medzinárodná |
| 610 | 2 | 0 | |a Rada Európskej únie |
| 610 | 2 | 0 | |a vzdelanie vysokoškolské |
| 100 | 1 | |a Šťastná, Viera | |